[Event "Panevezys op-A"]
[Site "Panevezys"]
[Date "2018.07.06"]
[Round "9"]
[White "Piksis, Davids"]
[Black "Aleksandravicius, Darius"]
[Result "1-0"]
[WhiteElo "1631"]
[BlackElo "1720"]
[PlyCount "83"]
[EventDate "2018.06.29"]
[EventType "swiss"]
[EventRounds "9"]
[EventCountry "LTU"]
[SourceTitle "EXT 2019"]
[Source "ChessBase"]
[SourceDate "2018.10.10"]
[SourceVersion "1"]
[SourceVersionDate "2018.10.10"]
[SourceQuality "1"]

1. e4 c5 2. f4 d6 3. Nf3 Nf6 4. Bb5+ Bd7 5. Bxd7+ Nbxd7 6. d3 e6 7. 0-0 Be7 8. Qe2 Qc7 9. c3 0-0 10. Na3 a6 11. Nc2 b5 12. Be3 Rac8 13. Rac1 Ng4 14. Kh1 Nxe3 15. Qxe3 Nb6 16. b3 Rfd8 17. d4 cxd4 18. cxd4 Qb7 19. Rfd1 g6 20. Nce1 Rxc1 21. Rxc1 Rc8 22. Nd3 Rxc1+ 23. Nxc1 Qc6 24. h3 Bf8 25. Kh2 Bh6 26. g4 Qc2+ 27. Kg3 Nd7 28. g5 Bg7 29. b4 Nb6 30. Qe1 Nc4 31. e5 d5 32. Nb3 Qxa2 33. Nc5 Bf8 34. Nd7 Be7 35. Nf6+ Bxf6 36. exf6 a5 37. Ne5 Qb3+ 38. Kh2 Qxb4 39. Qh4 Qb2+ 40. Kg3 Qxd4 41. Qh6 Qe3+ 42. Nf3 1-0

[Event "Panevezys op-A"]
[Site "Panevezys"]
[Date "2018.06.30"]
[Round "3"]
[White "Plutaite, Ausra"]
[Black "Piksis, Davids"]
[Result "0-1"]
[WhiteElo "1456"]
[BlackElo "1631"]
[PlyCount "72"]
[EventDate "2018.06.29"]
[EventType "swiss"]
[EventRounds "9"]
[EventCountry "LTU"]
[SourceTitle "CBM 185 Extra"]
[Source "ChessBase"]
[SourceDate "2018.07.29"]
[SourceVersion "1"]
[SourceVersionDate "2018.07.29"]
[SourceQuality "1"]

1. e4 c5 2. Nc3 e6 3. f4 d5 4. Nf3 Nc6 5. Bb5 Nge7 6. 0-0 g6 7. d3 Bg7 8. Qe1 a6 9. Bxc6+ Nxc6 10. exd5 Nb4 11. Qf2 exd5 12. Qxc5 Bf8 13. Qd4 Rg8 14. Re1+ Be6 15. Qe5 Nxc2 16. Nxd5 Bg7 17. Nc7+ Kd7 18. Nxe6 Bxe5 19. Nxd8 Nxe1 20. fxe5 Nxf3+ 21. gxf3 Raxd8 22. Be3 Ke6 23. d4 Rc8 24. b3 Rc3 25. Kf2 Rc2+ 26. Kg3 Rgc8 27. h4 Re2 28. Bg5 Rcc2 29. Rd1 Kd5 30. Rd3 Rxa2 31. Be3 b5 32. Rc3 Rac2 33. Rd3 a5 34. f4 Ke4 35. Rd1 Rxe3+ 36. Kg4 Rg2# 0-1